000 00833nam a2200229 u 4500
005 20251205063956.0
008 150814s2011 r 000 0 eng d
020 _a9788499850689
035 _aUPN01000205201
049 _aCG
050 4 _aLB2331.46 E5
_bE3.3
245 0 0 _aEEES y cambios en las metodologías docentes :
_breflexiones y experiencias en su aplicación a las ciencias del trabajo /
_ccoord. Milagro Martín López.
260 _aValencia, Esp. :
_bTirant Lo Blanch,
_c2011.
300 _a196 p. :
_btablas, gráfs., il.
440 0 _aHomenajes & congresos
650 4 _aEnseñanza universitaria
_zEspaña
_912974
650 4 _aEducación superior
_zEspaña
_96844
650 4 _aDERECHO LABORAL -
_xESTUDIO Y ENSEÑANZA
_911252
700 1 _aMartín López, Milagro,
_ecoord.
905 _aLibro
999 _c177302
_d177302